000 00295nam a2200109Ia 4500
001 1275922
005 20260417160437.0
008 260417s9999 xx 000 0 und d
020 _a9786256910058
245 0 _aVecihi Hürkuş - Bulutlarla Konuşan Adam
_cBeliz Yüksel
260 _bKetebe Çocuk
999 _c1275922
_d1275922